000 00889nam a2200241Ia 4500
003 GCL
008 140319s9999 xx 000 0 ara d
020 _a5685274977
040 _aGCL /
_cGCL
082 0 4 _a956.904
_bم ق
100 1 _aمحسن محمد صالح
245 1 0 _aالقضية الفلسطينية :
_bخلفياتها و تطورها حتى سنة 2001 /
_cمحسن محمد صالح
250 _aالاولى
260 _aالقاهرة :
_bمركز الاعلام العربى ،
_c2002
300 _a176 ص ؛
_c24 سم
490 _aكتاب القدس
_v10
650 0 4 _aالنزاع العربى الاسرائيلى
650 0 4 _aمنظمة التحرير الفلسطينية
650 0 4 _aالقضية الفلسطينية
650 0 4 _aالانتفاضة الفلسطينية
650 0 4 _aالفدائيون الفلسطينيون
942 _2ddc
_cBK
999 _c8885
_d8885